[Event "29. Torneo Collado Villalba 2012 - B"]
[Site "Collado Villalba ESP"]
[Date "2012.08.24"]
[Round "1.2"]
[White "Monmeneu Chulia, Vicente Juan"]
[Black "Sanz Varea, Jose M"]
[Result "0-1"]
[WhiteElo "1998"]
[BlackElo "1710"]
[PlyCount "94"]
[EventDate "2012.08.24"]
[EventType "swiss"]
[EventRounds "9"]
[EventCountry "ESP"]
[Source "lmi"]
[SourceDate "2012.08.24"]

1. d4 f5 2. c4 Nf6 3. Nc3 e6 4. Qc2 d5 5. Bf4 Bb4 6. a3 Bxc3+ 7. bxc3 O-O 8. e3
c6 9. Bd3 Ne4 10. f3 Nf6 11. cxd5 Nxd5 12. Nh3 h6 13. c4 Nf6 14. O-O Na6 15.
Be5 Nc7 16. e4 Nh5 17. g4 fxg4 18. fxg4 Nf6 19. Qe2 g5 20. Rf2 Nce8 21. Raf1 b6
22. Qe3 Nh7 23. Rxf8+ Nxf8 24. Bg3 e5 25. Bxe5 Bxg4 26. Nf2 Bh5 27. Nh1 Ng6 28.
Bg3 Nc7 29. Qf2 Qd7 30. Bxc7 Qxc7 31. Ng3 Nf4 32. Nxh5 Nh3+ 33. Kg2 Nxf2 34.
Rxf2 Rf8 35. Nf6+ Rxf6 36. Rxf6 Qd8 37. Rxh6 Qxd4 38. Rh3 Qb2+ 39. Kf1 Qxa3 40.
Rg3 Qc1+ 41. Kf2 Qf4+ 42. Kg2 a5 43. Rf3 Qd2+ 44. Kg3 a4 45. e5 a3 46. e6 a2
47. e7 Qe1+ 0-1

[Event "29. Torneo Collado Villalba 2012 - B"]
[Site "Collado Villalba ESP"]
[Date "2012.08.24"]
[Round "1.4"]
[White "Garcia Castineira, Ivan"]
[Black "Garcia Serrano, Jose Manuel"]
[Result "0-1"]
[WhiteElo "1702"]
[BlackElo "1912"]
[PlyCount "24"]
[EventDate "2012.08.24"]
[EventType "swiss"]
[EventRounds "9"]
[EventCountry "ESP"]
[Source "lmi"]
[SourceDate "2012.08.24"]

1. d4 d5 2. c4 Nc6 3. e3 Nf6 4. cxd5 Nxd5 5. Nc3 a6 6. Bc4 Nxc3 7. bxc3 Bf5 8.
Qb3 e6 9. Nf3 Bd6 10. Nh4 Qxh4 11. Qxb7 O-O 12. g3 Qe4 0-1

[Event "29. Torneo Collado Villalba 2012 - B"]
[Site "Collado Villalba ESP"]
[Date "2012.08.24"]
[Round "1.5"]
[White "Largo Barbero, Benito"]
[Black "Alvarez Romero, Carlos"]
[Result "1-0"]
[WhiteElo "1902"]
[BlackElo "1701"]
[PlyCount "69"]
[EventDate "2012.08.24"]
[EventType "swiss"]
[EventRounds "9"]
[EventCountry "ESP"]
[Source "lmi"]
[SourceDate "2012.08.24"]

1. d4 c6 2. Nf3 Nf6 3. Bf4 d5 4. e3 Bf5 5. Bd3 Bxd3 6. Qxd3 e6 7. Nbd2 Bd6 8.
Bg5 Nbd7 9. c4 b6 10. O-O Qc7 11. e4 e5 12. dxe5 Bxe5 13. exd5 cxd5 14. Rfe1
O-O 15. Nxe5 Nxe5 16. Qg3 Nh5 17. Qxe5 Qxe5 18. Rxe5 f6 19. Rxd5 fxg5 20. Rxg5
Nf6 21. Re1 Rad8 22. Nf1 Rf7 23. Rge5 Kf8 24. f3 Nd7 25. Rd5 Rc8 26. Nd2 Nf6
27. Rd4 Rfc7 28. b3 a6 29. Re6 Nd7 30. Rf4+ Nf6 31. Ne4 Kf7 32. Rxb6 Rd8 33.
Nxf6 gxf6 34. Rbxf6+ Kg7 35. Rxa6 1-0

[Event "29. Torneo Collado Villalba 2012 - B"]
[Site "Collado Villalba ESP"]
[Date "2012.08.24"]
[Round "1.7"]
[White "Pimienta Sanchez, Manuel"]
[Black "Tome Salvador, Jose Antonio"]
[Result "1-0"]
[WhiteElo "1890"]
[BlackElo "1698"]
[PlyCount "116"]
[EventDate "2012.08.24"]
[EventType "swiss"]
[EventRounds "9"]
[EventCountry "ESP"]
[Source "lmi"]
[SourceDate "2012.08.24"]

1. d4 d5 2. c4 e6 3. Nc3 Nf6 4. Bg5 Nbd7 5. cxd5 exd5 6. e3 Be7 7. Nf3 O-O 8.
Be2 c6 9. O-O h6 10. Bh4 Re8 11. h3 Ne4 12. Bxe7 Qxe7 13. a3 Nf8 14. Ne5 Be6
15. Bf3 Nxc3 16. bxc3 Nd7 17. Nd3 f6 18. a4 a5 19. Rb1 Rab8 20. Bh5 Bf7 21. Nf4
Bxh5 22. Qxh5 Nf8 23. Ne2 Qf7 24. Qg4 Qg6 25. Qf3 Qe4 26. Qg3 Qg6 27. Qc7 Qf7
28. Qxa5 Qe7 29. Qb4 Ne6 30. a5 Qc7 31. Ng3 g6 32. Ne2 Kf7 33. Rfc1 Re7 34. Ra1
b5 35. axb6 Rxb6 36. Qa5 Qb8 37. Qa8 Reb7 38. Qxb8 Rxb8 39. Ra7+ R8b7 40. Rxb7+
Rxb7 41. Kf1 f5 42. c4 Rc7 43. Ke1 Ke7 44. cxd5 cxd5 45. Rxc7+ Nxc7 46. Nf4 Kf6
47. Kd2 g5 48. Nd3 Ke6 49. g3 Ne8 50. Ne5 Nf6 51. f3 h5 52. Ke2 g4 53. hxg4
hxg4 54. Ng6 Nh5 55. Nf4+ Nxf4+ 56. exf4 gxf3+ 57. Kxf3 Kf6 58. g4 Kg6 1-0

[Event "29. Torneo Collado Villalba 2012 - B"]
[Site "Collado Villalba ESP"]
[Date "2012.08.24"]
[Round "1.8"]
[White "Montoya Gandia, Manuel"]
[Black "Cano Mercado, Francisco Manuel"]
[Result "0-1"]
[WhiteElo "1690"]
[BlackElo "1887"]
[PlyCount "45"]
[EventDate "2012.08.24"]
[EventType "swiss"]
[EventRounds "9"]
[EventCountry "ESP"]
[Source "lmi"]
[SourceDate "2012.08.24"]

1. d4 d5 2. c4 e5 3. dxe5 d4 4. Nf3 Nc6 5. Bf4 Bf5 6. a3 Nge7 7. Bg3 Qd7 8. e3
O-O-O 9. exd4 Nxd4 10. Nxd4 Qxd4 11. Qxd4 Rxd4 12. Nc3 Nc6 13. Rd1 Bc5 14. Be2
Re8 15. b4 Rxd1+ 16. Kxd1 Bd4 17. Nd5 Nxe5 18. Kd2 c6 19. Ne3 Be4 20. f3 Bg6
21. Nc2 Bb2 22. Bxe5 Bxe5 23. Rd1 0-1

[Event "29. Torneo Collado Villalba 2012 - B"]
[Site "Collado Villalba ESP"]
[Date "2012.08.24"]
[Round "1.9"]
[White "Camarero Izquierdo, Juan Carlos"]
[Black "Dominguez Coig, Alvaro"]
[Result "0-1"]
[WhiteElo "1881"]
[BlackElo "1689"]
[PlyCount "78"]
[EventDate "2012.08.24"]
[EventType "swiss"]
[EventRounds "9"]
[EventCountry "ESP"]
[Source "lmi"]
[SourceDate "2012.08.24"]

1. d4 Nf6 2. Nc3 d5 3. Bg5 Bf5 4. f3 Bg6 5. h4 h6 6. Bxf6 exf6 7. e3 Bd6 8. f4
c6 9. h5 Bh7 10. Bd3 Qe7 11. Qe2 Bxd3 12. cxd3 Nd7 13. Nf3 Qe6 14. O-O-O b5 15.
g3 b4 16. Na4 O-O 17. Kb1 Rfe8 18. Rde1 Rac8 19. e4 c5 20. dxc5 Nxc5 21. Nxc5
Rxc5 22. d4 Rc4 23. e5 fxe5 24. dxe5 Qf5+ 25. Ka1 Rc2 26. Qb5 Rb8 27. Qxd5 Bc5
28. Nh4 Qxh5 29. f5 Bf2 30. Rd1 Rbc8 31. e6 fxe6 32. Qxe6+ Kh7 33. a3 bxa3 34.
bxa3 Bxg3 35. Ng6 Qg5 36. Kb1 Bf4 37. Nxf4 Qxf4 38. Qg6+ Kh8 39. f6 Qb8+ 0-1

[Event "29. Torneo Collado Villalba 2012 - B"]
[Site "Collado Villalba ESP"]
[Date "2012.08.24"]
[Round "1.11"]
[White "Ruiz De Alegria Madariaga, Carlos"]
[Black "Lacaci Otero, Ivan"]
[Result "1-0"]
[WhiteElo "1879"]
[BlackElo "1686"]
[PlyCount "65"]
[EventDate "2012.08.24"]
[EventType "swiss"]
[EventRounds "9"]
[EventCountry "ESP"]
[Source "lmi"]
[SourceDate "2012.08.24"]

1. d4 d5 2. c4 e6 3. Nf3 c5 4. e3 Nc6 5. Nc3 Nf6 6. Bd3 cxd4 7. exd4 dxc4 8.
Bxc4 Bb4 9. O-O Bxc3 10. bxc3 Qa5 11. Qd3 O-O 12. Bb3 e5 13. dxe5 Nxe5 14. Nxe5
Qxe5 15. f4 Qe4 16. Qg3 Bf5 17. Re1 Qd3 18. Qxd3 Bxd3 19. Re7 Be4 20. Ba3 Rad8
21. Re1 Bc6 22. Bc5 a6 23. Rc7 Rd2 24. Bxf8 Rxg2+ 25. Kf1 Ng4 26. Rxc6 bxc6 27.
Kxg2 Kxf8 28. Kf3 h5 29. Ba4 Nxh2+ 30. Kg3 Ng4 31. Bxc6 g6 32. Re8+ Kg7 33. Ra8
1-0

[Event "29. Torneo Collado Villalba 2012 - B"]
[Site "Collado Villalba ESP"]
[Date "2012.08.24"]
[Round "1.13"]
[White "Movilla Calleja, David"]
[Black "Martinez Martinez, Antonio"]
[Result "1-0"]
[WhiteElo "1864"]
[BlackElo "1667"]
[PlyCount "105"]
[EventDate "2012.08.24"]
[EventType "swiss"]
[EventRounds "9"]
[EventCountry "ESP"]
[Source "lmi"]
[SourceDate "2012.08.24"]

1. d4 g6 2. c4 d6 3. Nc3 c6 4. e4 Bg7 5. Be2 Qb6 6. Nf3 Bg4 7. Na4 Qa5+ 8. Bd2
Qc7 9. Be3 Bxf3 10. Bxf3 Nd7 11. Qd2 Rc8 12. Nc3 Nb6 13. b3 a5 14. O-O e6 15.
Rab1 Ne7 16. Be2 Nd7 17. Rfc1 f5 18. Bg5 Nf6 19. b4 axb4 20. Rxb4 Nxe4 21. Nxe4
fxe4 22. Rcb1 Rb8 23. Qe3 d5 24. Bf4 e5 25. dxe5 Bxe5 26. Bxe5 Qxe5 27. Rxb7
Rxb7 28. Rxb7 Nf5 29. Qa7 O-O 30. Rxh7 Ng7 31. Rh3 Qa1+ 32. Bf1 d4 33. Qd7 e3
34. Rf3 Rxf3 35. gxf3 exf2+ 36. Kxf2 Qxa2+ 37. Be2 Qd2 38. Qxc6 Qe3+ 39. Kf1
Kh7 40. Qe4 Nf5 41. Qxe3 Nxe3+ 42. Kf2 Kg7 43. Bd3 g5 44. Ke2 Kf6 45. Kd2 Ke5
46. Be2 Kd6 47. Kd3 Kc5 48. Ke4 Nxc4 49. Kf5 Ne3+ 50. Kxg5 Kb4 51. h4 Kc3 52.
h5 Kd2 53. Bb5 1-0

[Event "29. Torneo Collado Villalba 2012 - B"]
[Site "Collado Villalba ESP"]
[Date "2012.08.24"]
[Round "1.14"]
[White "Corral Sanchez, Jesus"]
[Black "Suarez Paz, Alfonso"]
[Result "0-1"]
[WhiteElo "1660"]
[BlackElo "1857"]
[PlyCount "66"]
[EventDate "2012.08.24"]
[EventType "swiss"]
[EventRounds "9"]
[EventCountry "ESP"]
[Source "lmi"]
[SourceDate "2012.08.24"]

1. e4 e5 2. Nf3 d6 3. d4 exd4 4. Nxd4 Nf6 5. Nc3 Be7 6. Be2 O-O 7. Be3 a6 8.
O-O Bd7 9. Bf3 Nc6 10. Nxc6 Bxc6 11. Nd5 Nxd5 12. exd5 Bd7 13. Re1 Re8 14. Qd2
Bf6 15. c3 Bf5 16. Bf4 Qd7 17. Rxe8+ Rxe8 18. Re1 h6 19. Rxe8+ Qxe8 20. Qe3 Qa4
21. a3 g5 22. Bg3 Qc2 23. h3 Qxb2 24. Bh5 Qb1+ 25. Kh2 Qe4 26. Qa7 Qxd5 27.
Qb8+ Kg7 28. Qxc7 Be5 29. c4 Bxg3+ 30. fxg3 Qe6 31. Bf3 Be4 32. Bg4 Qf6 33. Bh5
Qf2 0-1

[Event "29. Torneo Collado Villalba 2012 - B"]
[Site "Collado Villalba ESP"]
[Date "2012.08.24"]
[Round "1.15"]
[White "Garcia Burguillo, Javier"]
[Black "Andres Garcia, Vicente"]
[Result "1-0"]
[WhiteElo "1850"]
[BlackElo "1647"]
[PlyCount "63"]
[EventDate "2012.08.24"]
[EventType "swiss"]
[EventRounds "9"]
[EventCountry "ESP"]
[Source "lmi"]
[SourceDate "2012.08.24"]

1. e4 c5 2. Nc3 d6 3. f4 e6 4. Nf3 Nf6 5. g3 a6 6. Bg2 Nc6 7. d3 Qc7 8. O-O Be7
9. Kh1 O-O 10. Be3 b5 11. Qd2 Bb7 12. Bg1 Rad8 13. Rae1 d5 14. e5 d4 15. exf6
dxc3 16. bxc3 Bxf6 17. Bxc5 Ne7 18. Bd4 Bxf3 19. Bxf3 Bxd4 20. cxd4 Rxd4 21.
Qf2 Rfd8 22. Be4 Ra4 23. g4 Rxa2 24. Qh4 g6 25. f5 exf5 26. gxf5 Rxc2 27. f6
Nd5 28. Bxd5 h5 29. Re7 Qd6 30. Bxf7+ Kf8 31. Bxg6 Rdc8 32. Qxh5 1-0

[Event "29. Torneo Collado Villalba 2012 - B"]
[Site "Collado Villalba ESP"]
[Date "2012.08.24"]
[Round "1.17"]
[White "Tevar Sanz, Gonzalo"]
[Black "Palenciano Escolar, Adrian"]
[Result "1-0"]
[WhiteElo "1849"]
[BlackElo "1640"]
[PlyCount "43"]
[EventDate "2012.08.24"]
[EventType "swiss"]
[EventRounds "9"]
[EventCountry "ESP"]
[Source "lmi"]
[SourceDate "2012.08.24"]

1. d4 Nf6 2. Bf4 g6 3. Nc3 d5 4. Qd2 Bg7 5. Bh6 O-O 6. h4 Qd6 7. f3 Qg3+ 8. Kd1
Qf2 9. Nh3 Bxh3 10. Be3 Qg3 11. Rxh3 Qd6 12. Bh6 c5 13. Bxg7 Kxg7 14. h5 cxd4
15. hxg6 fxg6 16. Nb5 Qb6 17. Nxd4 e5 18. Nb3 Ng4 19. Kc1 Qf2 20. Rh1 Ne3 21.
Nc5 Rf7 22. Nd3 1-0

[Event "29. Torneo Collado Villalba 2012 - B"]
[Site "Collado Villalba ESP"]
[Date "2012.08.24"]
[Round "1.18"]
[White "Melcon Diez, Enrique"]
[Black "Cabrera Jimenez, Julio"]
[Result "0-1"]
[WhiteElo "1637"]
[BlackElo "1843"]
[PlyCount "55"]
[EventDate "2012.08.24"]
[EventType "swiss"]
[EventRounds "9"]
[EventCountry "ESP"]
[Source "lmi"]
[SourceDate "2012.08.24"]

1. c4 Nf6 2. Nc3 e6 3. e4 d6 4. d4 Be7 5. f4 O-O 6. Nf3 a6 7. Bd3 Nbd7 8. O-O
b6 9. Qc2 h6 10. e5 dxe5 11. fxe5 Ne8 12. Kh1 f5 13. exf6 Nexf6 14. Bg6 Bb7 15.
Ne4 c5 16. Bf4 Ng4 17. Bh7+ Kh8 18. Bd6 Ne3 19. Qd3 Nxf1 20. Rxf1 Bxe4 21. Qxe4
Bxd6 22. Qxe6 Qe7 23. Qxe7 Bxe7 24. Be4 Rad8 25. d5 Kg8 26. Kg1 Rf4 27. Bg6
Rxc4 28. Bf7+ 0-1

[Event "29. Torneo Collado Villalba 2012 - B"]
[Site "Collado Villalba ESP"]
[Date "2012.08.24"]
[Round "1.21"]
[White "Martinez Montalvo, Eduardo"]
[Black "Orantes Sanz, Ricardo"]
[Result "1-0"]
[WhiteElo "1825"]
[BlackElo "1604"]
[PlyCount "69"]
[EventDate "2012.08.24"]
[EventType "swiss"]
[EventRounds "9"]
[EventCountry "ESP"]
[Source "lmi"]
[SourceDate "2012.08.24"]

1. e4 Nf6 2. Nc3 e5 3. f4 Bb4 4. fxe5 Bxc3 5. exf6 Bxf6 6. Nf3 O-O 7. Bc4 c6 8.
O-O d5 9. exd5 cxd5 10. Bb3 Be6 11. d4 Nd7 12. c3 b5 13. a3 Nb6 14. Qd3 Nc4 15.
Bc2 g6 16. Nd2 Bg7 17. Nb3 Qc8 18. Qg3 Qc6 19. Nc5 Rae8 20. a4 b4 21. a5 Nd6
22. Ba4 Nb5 23. Qd3 a6 24. Nxa6 Bd7 25. Nc5 Rb8 26. Bf4 Bf5 27. Qd2 bxc3 28.
bxc3 Qc8 29. Bxb8 Qxb8 30. Rxf5 gxf5 31. Nd7 Qa7 32. Bxb5 Rd8 33. Nc5 Rd6 34.
Re1 Rh6 35. Re8+ 1-0

[Event "29. Torneo Collado Villalba 2012 - B"]
[Site "Collado Villalba ESP"]
[Date "2012.08.24"]
[Round "1.24"]
[White "Lopez Rodriguez, Alvaro"]
[Black "Ruiz Escobar, Israel"]
[Result "0-1"]
[WhiteElo "1581"]
[BlackElo "1791"]
[PlyCount "80"]
[EventDate "2012.08.24"]
[EventType "swiss"]
[EventRounds "9"]
[EventCountry "ESP"]
[Source "lmi"]
[SourceDate "2012.08.24"]

1. e4 d5 2. exd5 Nf6 3. c4 c6 4. dxc6 Nxc6 5. Nf3 e5 6. h3 e4 7. Nh2 Bc5 8. Nc3
Qb6 9. Qe2 O-O 10. Na4 Qb4 11. Nxc5 Qxc5 12. Qd1 Ne5 13. Be2 Nd3+ 14. Bxd3 exd3
15. O-O Qxc4 16. b3 Qd5 17. Bb2 Nh5 18. Qf3 Qxf3 19. Nxf3 Nf4 20. Kh2 Ne2 21.
Ne5 Rd8 22. f4 f6 23. Nc4 Bf5 24. Rf3 b5 25. Na5 Rac8 26. Raf1 Rc2 27. Ba3 Rxa2
28. Nc6 Rd7 29. Ne7+ Kf7 30. Nxf5 Rxa3 31. g4 Rxb3 32. g5 Nd4 33. Nxd4 Rxd4 34.
Rc1 Rc4 35. Ra1 Rc7 36. gxf6 Kxf6 37. Re1 Rc2 38. Rd1 a5 39. Re3 a4 40. Kg3 a3
0-1

[Event "29. Torneo Collado Villalba 2012 - B"]
[Site "Collado Villalba ESP"]
[Date "2012.08.24"]
[Round "1.25"]
[White "Juberias Guillen, Paloma"]
[Black "Centeno Mateos, Domingo"]
[Result "1-0"]
[WhiteElo "1788"]
[BlackElo "1580"]
[PlyCount "69"]
[EventDate "2012.08.24"]
[EventType "swiss"]
[EventRounds "9"]
[EventCountry "ESP"]
[Source "lmi"]
[SourceDate "2012.08.24"]

1. d4 Nf6 2. c4 e6 3. Nc3 Bb4 4. Qc2 c5 5. a3 Bxc3+ 6. bxc3 b6 7. e4 O-O 8. Bg5
h6 9. Bh4 g5 10. Bg3 d6 11. h4 Nh5 12. Qd3 Nf4 13. Qf3 f5 14. exf5 Rxf5 15.
Qxa8 Qc7 16. Qe4 Bb7 17. d5 Re5 18. Qxe5 dxe5 19. hxg5 hxg5 20. O-O-O Qe7 21.
Nf3 Nd7 22. Bxf4 exf4 23. dxe6 Qxe6 24. Nxg5 Qf6 25. Kb2 Qxg5 26. Rxd7 Bxg2 27.
Rg1 f3 28. Rd3 Qf4 29. Bxg2 fxg2 30. Rxg2+ Kf7 31. Rd7+ Kf6 32. Kb3 a5 33. a4
Qf3 34. Rgg7 Ke6 35. Rge7+ 1-0

[Event "29. Torneo Collado Villalba 2012 - B"]
[Site "Collado Villalba ESP"]
[Date "2012.08.24"]
[Round "1.28"]
[White "Torres Alvarez, Augusto"]
[Black "Al-Zarif Zabala, Bassam"]
[Result "0-1"]
[WhiteElo "1561"]
[BlackElo "1778"]
[PlyCount "52"]
[EventDate "2012.08.24"]
[EventType "swiss"]
[EventRounds "9"]
[EventCountry "ESP"]
[Source "lmi"]
[SourceDate "2012.08.24"]

1. d4 d5 2. c4 dxc4 3. e3 Nf6 4. Nc3 a6 5. Bxc4 e6 6. Nf3 b5 7. Bb3 Bb7 8. O-O
c5 9. Bc2 Nbd7 10. Ne2 Bxf3 11. gxf3 Be7 12. Ng3 O-O 13. e4 cxd4 14. Qxd4 Bc5
15. Qd3 Ne5 16. Qxd8 Raxd8 17. Kg2 h6 18. Rb1 Nc6 19. Bb3 Nd4 20. Be3 Nxb3 21.
axb3 Bxe3 22. fxe3 Rd3 23. e5 Nd5 24. e4 Ne3+ 25. Kf2 Nxf1 26. Kxf1 Rxf3+ 0-1

[Event "29. Torneo Collado Villalba 2012 - B"]
[Site "Collado Villalba ESP"]
[Date "2012.08.24"]
[Round "1.29"]
[White "Diaz Begonte, Manuel"]
[Black "Brasa Olmos, Joaquin"]
[Result "1-0"]
[WhiteElo "1776"]
[BlackElo "1547"]
[PlyCount "89"]
[EventDate "2012.08.24"]
[EventType "swiss"]
[EventRounds "9"]
[EventCountry "ESP"]
[Source "lmi"]
[SourceDate "2012.08.24"]

1. e4 c6 2. d4 d5 3. e5 Bf5 4. h4 h6 5. g4 Bh7 6. e6 fxe6 7. Bd3 Nf6 8. Bxh7
Rxh7 9. Qd3 Qc7 10. Qg6+ Kd8 11. Nf3 Nbd7 12. g5 hxg5 13. Nxg5 Rh6 14. Nxe6+
Kc8 15. Bxh6 Qb6 16. Bc1 c5 17. c3 Qxe6+ 18. Be3 a5 19. Nd2 Ra6 20. O-O-O Qg8
21. Qg2 cxd4 22. Bxd4 e5 23. Be3 d4 24. Kb1 dxe3 25. fxe3 Nd5 26. Qe4 Rb6 27.
Ka1 Bc5 28. Nc4 Nb4 29. Nxb6+ Bxb6 30. cxb4 axb4 31. Qd5 Qe8 32. Rc1+ Kb8 33.
Qd6+ Ka8 34. Qxb4 Bxe3 35. Qa3+ Ba7 36. Qa4 Kb8 37. Rhd1 Bd4 38. Qb5 Qe6 39.
Qc4 Qb6 40. Rxd4 Qxd4 41. Qxd4 exd4 42. Rd1 Kc7 43. Rxd4 Kc6 44. Rg4 Ne5 45.
Rxg7 1-0

[Event "29. Torneo Collado Villalba 2012 - B"]
[Site "Collado Villalba ESP"]
[Date "2012.08.24"]
[Round "1.30"]
[White "Ojosnegros Martin, Angel"]
[Black "Fernandez-Gallardo Romero, Alvar"]
[Result "0-1"]
[WhiteElo "1503"]
[BlackElo "1775"]
[PlyCount "64"]
[EventDate "2012.08.24"]
[EventType "swiss"]
[EventRounds "9"]
[EventCountry "ESP"]
[Source "lmi"]
[SourceDate "2012.08.24"]

1. e4 c5 2. Nf3 d6 3. d4 cxd4 4. Nxd4 Nf6 5. Nc3 a6 6. f3 e6 7. Bc4 Qc7 8. Bb3
Nc6 9. Be3 Be7 10. Qd2 Bd7 11. O-O O-O 12. Rad1 Rac8 13. Nxc6 Bxc6 14. Bg5 Rfd8
15. Qf2 b5 16. a3 h6 17. Bf4 Nh5 18. Be3 Qb7 19. g4 Nf6 20. h4 Nh7 21. Qg2 Bxh4
22. f4 Bf6 23. g5 hxg5 24. fxg5 Bxc3 25. g6 Bxe4 26. gxh7+ Kh8 27. Qh2 Be5 28.
Qh3 Bxc2 29. Bxc2 Rxc2 30. Rd2 Rxd2 31. Bxd2 Qe4 32. Rxf7 Qg6+ 0-1

[Event "29. Torneo Collado Villalba 2012 - B"]
[Site "Collado Villalba ESP"]
[Date "2012.08.24"]
[Round "1.31"]
[White "Garcia Andrinal, Antonio"]
[Black "Melcon Mediavilla, Rodrigo"]
[Result "0-1"]
[WhiteElo "1774"]
[BlackElo "1453"]
[PlyCount "28"]
[EventDate "2012.08.24"]
[EventType "swiss"]
[EventRounds "9"]
[EventCountry "ESP"]
[Source "lmi"]
[SourceDate "2012.08.24"]

1. e4 c5 2. Nf3 Nc6 3. d4 cxd4 4. Nxd4 Nf6 5. Nc3 g6 6. Bc4 Nxe4 7. Bxf7+ Kxf7
8. Nxe4 Bg7 9. Ng5+ Ke8 10. Nxc6 bxc6 11. Qf3 Bf6 12. O-O Ba6 13. Re1 Qa5 14.
Qxf6 Qxe1# 0-1

[Event "29. Torneo Collado Villalba 2012 - B"]
[Site "Collado Villalba ESP"]
[Date "2012.08.24"]
[Round "1.34"]
[White "Buergo Villanueva, Fernando"]
[Black "Gonzalez Del Valls, Javier"]
[Result "0-1"]
[WhiteElo "1292"]
[BlackElo "1754"]
[PlyCount "72"]
[EventDate "2012.08.24"]
[EventType "swiss"]
[EventRounds "9"]
[EventCountry "ESP"]
[Source "lmi"]
[SourceDate "2012.08.24"]

1. d4 d5 2. Nf3 Nf6 3. g3 g6 4. Bg2 Bg7 5. O-O O-O 6. h3 c6 7. Re1 Re8 8. Nc3
Na6 9. Bg5 Qc7 10. Bf4 Qb6 11. b3 Nh5 12. Bd2 Bxd4 13. Be3 Bxe3 14. fxe3 Qxe3+
15. Kh2 Qxc3 16. Qd2 Qxd2 17. Nxd2 Nb4 18. Rec1 e5 19. c3 Na6 20. e3 Nc5 21. c4
Nd3 22. Rc3 e4 23. cxd5 cxd5 24. Rf1 Ng7 25. g4 Bd7 26. a4 Rac8 27. Nb1 b5 28.
axb5 Bxb5 29. Rf6 Ne6 30. Rf1 Ne5 31. Rf2 Bd3 32. Rxc8 Rxc8 33. Nd2 Rc2 34. Kg3
Kg7 35. Nb1 Rxf2 36. Kxf2 Bxb1 0-1

[Event "29. Torneo Collado Villalba 2012 - B"]
[Site "Collado Villalba ESP"]
[Date "2012.08.25"]
[Round "2.1"]
[White "Rodriguez Del Moral, Angel"]
[Black "Tirado Parra, Alberto"]
[Result "0-1"]
[WhiteElo "1780"]
[BlackElo "1929"]
[PlyCount "67"]
[EventDate "2012.08.24"]
[EventType "swiss"]
[EventRounds "9"]
[EventCountry "ESP"]
[Source "lmi"]
[SourceDate "2012.08.24"]

1. d4 f5 2. Nf3 Nf6 3. c4 e6 4. g3 d5 5. Bg2 c6 6. O-O Bd6 7. c5 Bc7 8. Bd2 a5
9. Nc3 O-O 10. a3 Nbd7 11. b4 e5 12. dxe5 Nxe5 13. Nd4 Qe7 14. Bf4 Ne4 15. Qc2
Bd7 16. Na4 g5 17. Bc1 Nc4 18. f3 Be5 19. e3 Qg7 20. Nb2 Bxd4 21. exd4 Qxd4+
22. Kh1 Nxb2 23. fxe4 Nd3 24. Bxg5 fxe4 25. Bf4 axb4 26. a4 b3 27. Qxb3 Nxc5
28. Qc2 Nd3 29. Qd2 Rae8 30. Bh6 e3 31. Rxf8+ Rxf8 32. Qa2 Rf7 33. Qa3 Qb2 34.
Bxe3 0-1

[Event "29. Torneo Collado Villalba 2012 - B"]
[Site "Collado Villalba ESP"]
[Date "2012.08.25"]
[Round "2.2"]
[White "Garcia Serrano, Jose Manuel"]
[Black "Martinez Belen, Alejandro"]
[Result "1/2-1/2"]
[WhiteElo "1912"]
[BlackElo "1779"]
[PlyCount "64"]
[EventDate "2012.08.24"]
[EventType "swiss"]
[EventRounds "9"]
[EventCountry "ESP"]
[Source "lmi"]
[SourceDate "2012.08.24"]

1. e4 d5 2. exd5 Qxd5 3. Nc3 Qa5 4. d4 Nf6 5. Nf3 c6 6. Ne5 Be6 7. Bc4 Bxc4 8.
Nxc4 Qd8 9. O-O e6 10. Be3 Be7 11. Qe2 Nbd7 12. Rfd1 O-O 13. a4 Nd5 14. Ne4
Nxe3 15. Qxe3 Qc7 16. Nc3 Rfd8 17. Qe2 Rac8 18. Ne3 Nf6 19. Nc4 a6 20. a5 Nd5
21. Ne4 c5 22. dxc5 Bxc5 23. b3 Ba7 24. Qf3 Bb8 25. g3 Qe7 26. Re1 Nb4 27. Qe2
Nd5 28. h4 h6 29. Qf3 Rd7 30. Rad1 Rcd8 31. Nc3 Nxc3 32. Rxd7 Qxd7 1/2-1/2

[Event "29. Torneo Collado Villalba 2012 - B"]
[Site "Collado Villalba ESP"]
[Date "2012.08.25"]
[Round "2.3"]
[White "Al-Zarif Zabala, Bassam"]
[Black "Largo Barbero, Benito"]
[Result "1/2-1/2"]
[WhiteElo "1778"]
[BlackElo "1902"]
[PlyCount "59"]
[EventDate "2012.08.24"]
[EventType "swiss"]
[EventRounds "9"]
[EventCountry "ESP"]
[Source "lmi"]
[SourceDate "2012.08.24"]

1. e4 g6 2. d4 Bg7 3. Nc3 d6 4. h3 Nd7 5. Nf3 a6 6. Be3 b5 7. a3 Rb8 8. Qd2 Nb6
9. Rb1 h6 10. Bd3 Nc4 11. Bxc4 bxc4 12. O-O c6 13. e5 d5 14. Na4 f5 15. Nc5 g5
16. Qd1 f4 17. Bd2 e6 18. Nh2 h5 19. h4 Bf8 20. hxg5 Bxc5 21. dxc5 Qxg5 22. Qf3
Ne7 23. Qxf4 Qxf4 24. Bxf4 Ng6 25. Be3 Rb7 26. b3 Rg8 27. Nf3 c3 28. Rbd1 Rf7
29. Kh1 a5 30. Rg1 1/2-1/2

[Event "29. Torneo Collado Villalba 2012 - B"]
[Site "Collado Villalba ESP"]
[Date "2012.08.25"]
[Round "2.4"]
[White "Fernandez-Gallardo Romero, Alvar"]
[Black "Pimienta Sanchez, Manuel"]
[Result "1/2-1/2"]
[WhiteElo "1775"]
[BlackElo "1890"]
[PlyCount "96"]
[EventDate "2012.08.24"]
[EventType "swiss"]
[EventRounds "9"]
[EventCountry "ESP"]
[Source "lmi"]
[SourceDate "2012.08.24"]

1. e4 e6 2. d4 c5 3. Nf3 a6 4. Be3 cxd4 5. Nxd4 Nf6 6. Bd3 Nc6 7. O-O Be7 8. a3
O-O 9. c4 Ne5 10. Nc3 Nxd3 11. Qxd3 Ng4 12. Bd2 Qc7 13. Nf3 b6 14. h3 Ne5 15.
Nxe5 Qxe5 16. f4 Qc7 17. f5 Bb7 18. Rae1 Rac8 19. b3 Bxa3 20. f6 g6 21. Kh1
Rfd8 22. e5 d6 23. Bh6 dxe5 24. Qe3 Qc6 25. Re2 Rd4 26. Bg7 Rcd8 27. Qh6 b5 28.
Bh8 Bf8 29. Bg7 Qe8 30. cxb5 Rc8 31. Nd1 Rf4 32. Ref2 Qd8 33. Rxf4 exf4 34.
Bxf8 Qxf8 35. Qxf4 axb5 36. Ne3 Rc5 37. Rd1 Bd5 38. Kh2 Rc8 39. Nxd5 exd5 40.
Rxd5 b4 41. Rb5 h6 42. Rxb4 Kh7 43. Rb7 Rc5 44. Rb8 Rc8 45. Rxc8 Qxc8 46. Qc4
Qd7 47. Qf4 Qe6 48. Qd4 Qxb3 1/2-1/2